| LEADER | 01323nam a2200241 i 4500 | ||
|---|---|---|---|
| 003 | GR-PaULI | ||
| 005 | 20210117210940.0 | ||
| 008 | 190725s2003 gr o|||g |||| 000 0 gre d | ||
| 952 | |0 0 |1 0 |2 ddc |4 0 |6 949_830000000000000_ΧΑΜ |7 0 |9 234317 |a LISP |b LISP |c BSC |d 2019-07-25 |e ΜΑΡ |i 141104 |l 2 |o 949.83 ΧΑΜ |p 025000263856 |r 2021-09-13 00:00:00 |s 2021-09-09 |t 1 |v 2019.00 |w 2019-07-25 |y BK15 | ||
| 999 | |c 142141 |d 142141 | ||
| 020 | |a 9789606731914 | ||
| 040 | |a GR-PaULI |b gre |c GR-PaULI |e AACR2 | ||
| 082 | 0 | 4 | |2 23 |a 949.83 |
| 245 | 0 | 0 | |a Χαμένες πατρίδες, ο Πόντος των Ελλήνων / |c επιστημονική επιμέλεια Γιώργος Α. Γιαννακόπουλος ; μετάφραση Τζούντυ Γιαννακοπούλου. |
| 260 | |a [Αθήνα : |b Τα Νέα, |c c2003] | ||
| 300 | |a 193 σ. : |b φωτ. ; |c 28 εκ. | ||
| 504 | |a Περιλαμβάνει βιβλιογραφία. | ||
| 650 | 4 | |9 22527 |a 'Ελληνες |z Πόντος |x Ιστορία. | |
| 650 | 4 | |9 177393 |a Έλληνες |z Πόντος |x Κοινωνική ζωή και έθιμα. | |
| 700 | 1 | |9 6174 |a Γιαννακόπουλος, Γιώργος Α., |d 1959- |e επιμελητής. | |
| 700 | 1 | |9 41982 |a Γιαννακοπούλου, Τζούντυ |e μεταφράστρια. | |
| 942 | |2 ddc |c BK15 | ||
| 998 | |c ΒΑΣΙΛΕΙΟΥ |d 2019-07 | ||